[Event "Novi Sad TS GM/IM Mix 189th"]
[Site "Novi Sad"]
[Date "2024.03.04"]
[Round "8"]
[White "Levitan, Judah Nathan"]
[Black "Khodko, Yurii N"]
[Result "0-1"]
[WhiteElo "2015"]
[BlackElo "2052"]
[PlyCount "46"]
[EventDate "2024.02.29"]
[EventType "swiss"]
[EventRounds "9"]
[EventCountry "SRB"]
[SourceTitle "CB12_2024"]
[SourceDate "2023.10.01"]
[SourceVersion "1"]
[SourceVersionDate "2023.10.01"]
[SourceQuality "1"]

1. e4 e6 2. d4 d5 3. Nd2 Nf6 4. e5 Nfd7 5. c3 c5 6. Bd3 Nc6 7. Ngf3 cxd4 8. cxd4 Qb6 9. 0-0 Nxd4 10. Nxd4 Qxd4 11. Nb3 Qxe5 12. Re1 Qd6 13. Nd4 Be7 14. Nb5 Qb8 15. Qc2 Nc5 16. g3 f6 17. Bxh7 a6 18. Qg6+ Kf8 19. Nd4 e5 20. Bh6 Rxh7 21. Qxh7 gxh6 22. Qh8+ Kf7 23. Qh7+ Ke8 0-1

[Event "Senta Fantastico op 02"]
[Site "Senta"]
[Date "2024.02.27"]
[Round "9"]
[White "Sredojevic, Ivan"]
[Black "Levitan, Judah Nathan"]
[Result "1-0"]
[WhiteElo "2265"]
[BlackElo "2015"]
[PlyCount "111"]
[EventDate "2024.02.22"]
[EventType "swiss"]
[EventRounds "9"]
[EventCountry "SRB"]
[SourceTitle "CB10_2024"]
[SourceDate "2024.03.06"]
[SourceVersion "1"]
[SourceVersionDate "2024.03.06"]
[SourceQuality "1"]

1. e4 c5 2. Nf3 d6 3. c3 Nf6 4. Bd3 Nc6 5. h3 g6 6. 0-0 Bg7 7. Bc2 Qc7 8. Re1 e5 9. d3 0-0 10. Na3 Ne8 11. Be3 f5 12. exf5 Bxf5 13. d4 Bxc2 14. Qxc2 cxd4 15. cxd4 Nxd4 16. Bxd4 exd4 17. Rad1 Qxc2 18. Nxc2 Nc7 19. Ncxd4 Rae8 20. b3 Rxe1+ 21. Rxe1 Re8 22. Rd1 a6 23. Kf1 Bf6 24. Ne2 d5 25. Nf4 d4 26. h4 Kf7 27. a4 a5 28. g3 Ne6 29. Nxe6 Rxe6 30. Nd2 b6 31. Rc1 Be7 32. Nf3 Bf6 33. Rc7+ Re7 34. Rc4 Rd7 35. Ke2 d3+ 36. Kd2 Kg7 37. Rc6 Be7 38. Ne5 Bb4+ 39. Kd1 Rd5 40. f4 Rd4 41. Rxb6 Bc3 42. Rc6 Bb4 43. Rc4 Rxc4 44. bxc4 d2 45. Nf3 Kf6 46. Nxd2 Kf5 47. Ke2 h5 48. Kd3 Kg4 49. Ne4 Kf5 50. c5 Ke6 51. c6 Be7 52. Kd4 Bd8 53. Nc5+ Kf5 54. Ke3 Bb6 55. Kf3 Kf6 56. Nd7+ 1-0

[Event "Senta Fantastico op 02"]
[Site "Senta"]
[Date "2024.02.25"]
[Round "6"]
[White "Milosevic, Milos"]
[Black "Levitan, Judah Nathan"]
[Result "1/2-1/2"]
[WhiteElo "2390"]
[BlackElo "2015"]
[PlyCount "33"]
[EventDate "2024.02.22"]
[EventType "swiss"]
[EventRounds "9"]
[EventCountry "SRB"]
[SourceTitle "CB10_2024"]
[SourceDate "2024.03.06"]
[SourceVersion "1"]
[SourceVersionDate "2024.03.06"]
[SourceQuality "1"]

1. Nf3 d5 2. g3 c5 3. Bg2 Nf6 4. 0-0 Nc6 5. d4 Bf5 6. c4 e6 7. cxd5 Nxd5 8. Nc3 Nxc3 9. bxc3 h6 10. Bb2 Be7 11. c4 Bf6 12. e3 0-0 13. Qd2 Be4 14. Rfd1 Qe7 15. Ba3 b6 16. Rac1 Qb7 17. Qe2 1/2-1/2

[Event "Senta Fantastico op 02"]
[Site "Senta"]
[Date "2024.02.23"]
[Round "3"]
[White "Campos, Eugenio"]
[Black "Levitan, Judah Nathan"]
[Result "1/2-1/2"]
[WhiteElo "2101"]
[BlackElo "2015"]
[PlyCount "143"]
[EventDate "2024.02.22"]
[EventType "swiss"]
[EventRounds "9"]
[EventCountry "SRB"]
[SourceTitle "CB10_2024"]
[SourceDate "2024.03.06"]
[SourceVersion "1"]
[SourceVersionDate "2024.03.06"]
[SourceQuality "1"]

1. e4 c5 2. Nf3 d6 3. d4 cxd4 4. Nxd4 Nf6 5. Nc3 Nc6 6. Bg5 e6 7. Qd2 a6 8. Be2 Bd7 9. 0-0-0 Be7 10. f4 h6 11. Bh4 b5 12. a3 Rc8 13. Bf3 Qc7 14. Bxf6 Bxf6 15. Ncxb5 axb5 16. Nxb5 Qb8 17. Nxd6+ Kf8 18. c4 Rc7 19. Kb1 Nd4 20. e5 Nxf3 21. gxf3 Be7 22. Rhg1 Bc6 23. Qg2 Rg8 24. Rd3 Ba4 25. Rc1 g6 26. Qg1 Kg7 27. f5 exf5 28. Nxf5+ Kh7 29. Nd6 Bd7 30. Ka2 Be6 31. b3 Ra7 32. Kb2 Bg5 33. Rf1 Be7 34. Qd4 Rd8 35. c5 Bf5 36. Rc3 Bxd6 37. exd6 Re8 38. Re3 Rxe3 39. Qxe3 Qb5 40. Rc1 Qc6 41. Rd1 Rb7 42. b4 Rb8 43. Qb3 Be6 44. Qc3 Qa4 45. Re1 Qc6 46. Re5 Rb7 47. h4 h5 48. Qd3 Bf5 49. Qd5 Qxd5 50. Rxd5 Bd7 51. Re5 Bc6 52. f4 f6 53. Re1 Kg7 54. Kc3 Kf7 55. Kc4 Ra7 56. Re3 Rb7 57. Re1 Ra7 58. Rb1 Rxa3 59. b5 Ra4+ 60. Rb4 Bd5+ 61. Kc3 Rxb4 62. Kxb4 Ke6 63. Ka5 Kd7 64. Kb6 g5 65. fxg5 fxg5 66. hxg5 h4 67. g6 h3 68. c6+ Kxd6 69. c7 Kd7 70. Ka7 Kc8 71. g7 h2 72. b6 1/2-1/2

[Event "Senta Fantastico op 02"]
[Site "Senta"]
[Date "2024.02.23"]
[Round "2"]
[White "Levitan, Judah Nathan"]
[Black "Mesic, Ismet"]
[Result "0-1"]
[WhiteElo "2015"]
[BlackElo "2232"]
[PlyCount "100"]
[EventDate "2024.02.22"]
[EventType "swiss"]
[EventRounds "9"]
[EventCountry "SRB"]
[SourceTitle "CB10_2024"]
[SourceDate "2024.03.06"]
[SourceVersion "1"]
[SourceVersionDate "2024.03.06"]
[SourceQuality "1"]

1. e4 c5 2. Nf3 d6 3. d4 cxd4 4. Nxd4 Nf6 5. Nc3 g6 6. Be3 Bg7 7. f3 Nc6 8. Qd2 0-0 9. 0-0-0 d5 10. exd5 Nxd5 11. Nxc6 bxc6 12. Bd4 e5 13. Bc5 Be6 14. Ne4 Qc7 15. Kb1 Rfd8 16. Bd3 Rab8 17. g4 f5 18. gxf5 gxf5 19. Nd6 Rxd6 20. Bxd6 Qxd6 21. Rhg1 e4 22. c4 Nf4 23. Bxe4 Qxd2 24. Rxd2 fxe4 25. fxe4 Bxc4 26. Rg3 Ng6 27. b3 Be5 28. Rg1 a5 29. Kc2 Be6 30. h4 Kf7 31. Rf2+ Ke7 32. Rg5 a4 33. Rf3 axb3+ 34. axb3 Nxh4 35. Rd3 Ng6 36. Rh5 Rh8 37. Rd2 Bg4 38. Rh1 Bf3 39. Re1 Ra8 40. Kd3 Nf4+ 41. Kc4 Bg4 42. Re3 Ne6 43. Red3 Ra7 44. Rc2 h5 45. b4 Nf4 46. Rdd2 Ne6 47. b5 cxb5+ 48. Kd5 Bf4 49. Rf2 Rd7+ 50. Kc6 Nd4+ 0-1

[Event "Titled Tuesday intern op 13th Feb Early"]
[Site "Chess.com INT"]
[Date "2024.02.13"]
[Round "6"]
[White "Elgersma, Onno"]
[Black "Levitan, Judah Nathan"]
[Result "1-0"]
[WhiteElo "2323"]
[BlackElo "2015"]
[PlyCount "45"]
[EventDate "2024.02.13"]
[EventType "swiss (blitz)"]
[EventRounds "11"]
[EventCountry "USA"]
[SourceTitle "CB08_2024"]
[SourceDate "2024.02.21"]
[SourceVersion "1"]
[SourceVersionDate "2024.02.21"]
[SourceQuality "1"]

1. c3 d5 2. Nf3 c5 3. d4 Nc6 4. dxc5 e5 5. b4 a6 6. e3 Bg4 7. Be2 Nf6 8. Bb2 Be7 9. Nbd2 0-0 10. a3 e4 11. Nd4 Bxe2 12. Qxe2 Ne5 13. 0-0 Nd3 14. Rab1 a5 15. Nf5 Qd7 16. Nxe7+ Qxe7 17. Nb3 Qe5 18. Nd4 Qg5 19. f4 Qg4 20. Qd2 Nd7 21. h3 Qg3 22. Nf5 Qf3 23. gxf3 1-0

[Event "Titled Tuesday intern op 13th Feb Early"]
[Site "Chess.com INT"]
[Date "2024.02.13"]
[Round "5"]
[White "Levitan, Judah Nathan"]
[Black "Dolezal, Cristian"]
[Result "1-0"]
[WhiteElo "2015"]
[BlackElo "2379"]
[PlyCount "141"]
[EventDate "2024.02.13"]
[EventType "swiss (blitz)"]
[EventRounds "11"]
[EventCountry "USA"]
[SourceTitle "CB08_2024"]
[SourceDate "2024.02.21"]
[SourceVersion "1"]
[SourceVersionDate "2024.02.21"]
[SourceQuality "1"]

1. e4 c6 2. d4 d5 3. exd5 cxd5 4. Bd3 Nf6 5. Bf4 Nc6 6. c3 g6 7. Nd2 Bg7 8. Ngf3 0-0 9. 0-0 Bf5 10. Bxf5 gxf5 11. Ne5 Rc8 12. Ndf3 Ne4 13. Nxc6 Rxc6 14. Ne5 Bxe5 15. Bxe5 Rg6 16. Qh5 e6 17. f3 Nf6 18. Qh4 Nd7 19. Qxd8 Rxd8 20. f4 Rc8 21. Bd6 Rc6 22. Ba3 Nf6 23. Rac1 Ne4 24. Bb4 f6 25. b3 Rg7 26. c4 Rgc7 27. c5 b6 28. Rc2 bxc5 29. dxc5 Rb7 30. Ba3 a5 31. Rf3 Kf7 32. Rh3 Ke8 33. Bb2 Rf7 34. a3 Rxc5 35. Rxc5 Nxc5 36. Bd4 Ne4 37. Bb6 a4 38. bxa4 Kd7 39. a5 Kc6 40. Bd4 Kb5 41. Bb6 e5 42. Rb3+ Ka6 43. Bd8 d4 44. Rb6+ Ka7 45. fxe5 fxe5 46. Rb5 Rd7 47. Bb6+ Ka6 48. Rxe5 d3 49. Re6 d2 50. Be3+ Kxa5 51. Re5+ Ka4 52. Bxd2 Rxd2 53. h3 Rd1+ 54. Kh2 Rf1 55. g4 Rf2+ 56. Kg1 Rf3 57. Kg2 Rg3+ 58. Kh2 Rf3 59. gxf5 Ng5 60. Kg2 Rxa3 61. f6 Kb4 62. Rxg5 Ra6 63. Rf5 Ra8 64. f7 Rf8 65. Kg3 Kc4 66. Kg4 Kd4 67. Kg5 Ke4 68. Rf1 Ke5 69. Kh6 Ke6 70. Kg7 Ke7 71. Re1+ 1-0

[Event "Titled Tuesday intern op 13th Feb Early"]
[Site "Chess.com INT"]
[Date "2024.02.13"]
[Round "7"]
[White "Levitan, Judah Nathan"]
[Black "Viana, Valeria"]
[Result "1-0"]
[WhiteElo "2015"]
[BlackElo "1792"]
[PlyCount "35"]
[EventDate "2024.02.13"]
[EventType "swiss (blitz)"]
[EventRounds "11"]
[EventCountry "USA"]
[SourceTitle "CB08_2024"]
[SourceDate "2024.02.21"]
[SourceVersion "1"]
[SourceVersionDate "2024.02.21"]
[SourceQuality "1"]

1. e4 c6 2. d4 d5 3. exd5 cxd5 4. Bf4 Nc6 5. c3 Nf6 6. Bd3 Bg4 7. Qb3 Qc8 8. Nd2 e6 9. Ngf3 Be7 10. 0-0 0-0 11. Rfe1 Re8 12. Ne5 Bh5 13. Ndf3 Nxe5 14. Nxe5 Nd7 15. Nxd7 Qxd7 16. Bb5 Qc8 17. Bxe8 Qxe8 18. Qxb7 1-0

[Event "Titled Tuesday intern op 06th Feb Early"]
[Site "Chess.com INT"]
[Date "2024.02.06"]
[Round "2"]
[White "Esmeraldas Huachi, Anderson Yahir"]
[Black "Levitan, Judah Nathan"]
[Result "1-0"]
[WhiteElo "2148"]
[BlackElo "2015"]
[PlyCount "89"]
[EventDate "2024.02.06"]
[EventType "swiss (blitz)"]
[EventRounds "11"]
[EventCountry "USA"]
[SourceTitle "CB07_2024"]
[SourceDate "2024.02.14"]
[SourceVersion "1"]
[SourceVersionDate "2024.02.14"]
[SourceQuality "1"]

1. d4 d5 2. c4 e6 3. cxd5 exd5 4. Nc3 Nf6 5. Bg5 c6 6. Qc2 Be7 7. e3 Bg4 8. Bd3 Nbd7 9. Nf3 Bh5 10. 0-0 Bg6 11. Rab1 0-0 12. b4 Ne4 13. Bxe7 Qxe7 14. b5 Rab8 15. Bxe4 dxe4 16. Nd2 c5 17. dxc5 Nxc5 18. Nd5 Qd6 19. Nf4 Bf5 20. Nc4 Qe7 21. Rfd1 Rbc8 22. Nd6 Nd3 23. Nxf5 Qf6 24. Nd5 Rxc2 25. Nxf6+ gxf6 26. Rf1 Rxa2 27. Nd6 Kg7 28. Nxe4 Kg6 29. Rbd1 Ne5 30. Rd6 Kf5 31. f3 Kg6 32. Rxf6+ Kg7 33. Rf5 Nd3 34. Rg5+ Kh6 35. h4 Rc8 36. Nf6 Ra4 37. e4 Ne5 38. Rxe5 Kg6 39. Ng4 f6 40. Re7 Rc2 41. Ne3 Re2 42. Nd5 Raa2 43. Nf4+ Kh6 44. Nxe2 Rxe2 45. Rd1 1-0

[Event "Titled Tuesday intern op 06th Feb Early"]
[Site "Chess.com INT"]
[Date "2024.02.06"]
[Round "4"]
[White "Reprintsev, Alexander"]
[Black "Levitan, Judah Nathan"]
[Result "1-0"]
[WhiteElo "2241"]
[BlackElo "2015"]
[PlyCount "95"]
[EventDate "2024.02.06"]
[EventType "swiss (blitz)"]
[EventRounds "11"]
[EventCountry "USA"]
[SourceTitle "CB07_2024"]
[SourceDate "2024.02.14"]
[SourceVersion "1"]
[SourceVersionDate "2024.02.14"]
[SourceQuality "1"]

1. e4 c5 2. b3 Nc6 3. Bb2 e5 4. f4 d6 5. Bb5 Bd7 6. Nf3 Nf6 7. 0-0 Qb6 8. c4 Bg4 9. fxe5 dxe5 10. Bxe5 a6 11. Ba4 Nd7 12. Bg3 Nd4 13. Nc3 Nxf3+ 14. gxf3 Be6 15. Nd5 Bxd5 16. cxd5 Be7 17. Bxd7+ Kxd7 18. Kh1 h5 19. Rc1 h4 20. Bf2 Qf6 21. Bxc5 Bxc5 22. Rxc5 Rac8 23. Rxc8 Rxc8 24. f4 Qd4 25. Qg4+ Kd8 26. Qxh4+ f6 27. Qh8+ Kd7 28. Qxg7+ Kd6 29. e5+ fxe5 30. Qf6+ Kd7 31. Qe6+ Kd8 32. Qd6+ Ke8 33. Qxe5+ Qxe5 34. fxe5 Rc2 35. Rf2 Rxa2 36. d6 Kd7 37. Kg2 Ke6 38. d4 Ra3 39. d5+ Kd7 40. Rf7+ Kd8 41. Rxb7 Ra2+ 42. Kf3 Rd2 43. e6 Kc8 44. Rc7+ Kd8 45. Ra7 Kc8 46. d7+ Kd8 47. Ra8+ Ke7 48. d8Q# 1-0

[Event "Budapest Vezerkepzo IM New Year"]
[Site "Budapest"]
[Date "2024.01.12"]
[Round "10"]
[White "Bhagat, Kush"]
[Black "Levitan, Judah Nathan"]
[Result "1-0"]
[WhiteElo "2161"]
[BlackElo "2082"]
[PlyCount "77"]
[EventDate "2024.01.05"]
[EventType "tourn"]
[EventRounds "11"]
[EventCountry "HUN"]
[SourceTitle "CB03_2024"]
[SourceDate "2024.01.17"]
[SourceVersion "1"]
[SourceVersionDate "2024.01.17"]
[SourceQuality "1"]

1. d4 d5 2. c4 e6 3. Nc3 Bb4 4. Nf3 Nf6 5. Qb3 Nc6 6. Bg5 dxc4 7. Qxc4 Qd5 8. Qxb4 Nxb4 9. Nxd5 Nbxd5 10. Rc1 Bd7 11. Ne5 Rc8 12. f3 h6 13. Bd2 Bb5 14. e4 Bxf1 15. Kxf1 Nb6 16. Kf2 Nfd7 17. Nd3 c6 18. a4 f5 19. a5 Na8 20. exf5 exf5 21. d5 Nf6 22. Rce1+ Kf8 23. dxc6 bxc6 24. Ne5 Rg8 25. Bb4+ Ke8 26. Nxc6+ Kf7 27. Ne5+ Ke6 28. Nc4+ Kd5 29. Rd1+ Ke6 30. Rd6+ Ke7 31. Re1+ Ne4+ 32. fxe4 Rxc4 33. Rd4+ Rxb4 34. Rxb4 Kf6 35. Rb7 Rc8 36. Rxa7 f4 37. e5+ Kf5 38. e6 Nc7 39. Rxc7 1-0

[Event "Budapest Vezerkepzo IM New Year"]
[Site "Budapest"]
[Date "2024.01.05"]
[Round "1"]
[White "Bokros, Albert"]
[Black "Levitan, Judah Nathan"]
[Result "1-0"]
[WhiteElo "2460"]
[BlackElo "2082"]
[PlyCount "79"]
[EventDate "2024.01.05"]
[EventType "tourn"]
[EventRounds "11"]
[EventCountry "HUN"]
[SourceTitle "CB03_2024"]
[SourceDate "2024.01.17"]
[SourceVersion "1"]
[SourceVersionDate "2024.01.17"]
[SourceQuality "1"]

1. e4 c5 2. Nf3 d6 3. d4 cxd4 4. Qxd4 Nc6 5. Bb5 Bd7 6. Qd3 g6 7. 0-0 Bg7 8. c4 Rc8 9. Nc3 Nf6 10. Be3 0-0 11. h3 Na5 12. Rac1 Bxb5 13. Nxb5 Nc6 14. Rfd1 Nd7 15. Qa3 Nce5 16. Nxe5 Nxe5 17. c5 a6 18. cxd6 e6 19. Nc7 Qd7 20. f4 Nc6 21. e5 g5 22. g3 Kh8 23. Qb3 Rg8 24. Kh1 gxf4 25. gxf4 Qd8 26. Bf2 Bh6 27. Qf3 Qd7 28. Bh4 Rg6 29. Rxc6 bxc6 30. Nxa6 c5 31. Bf2 Bxf4 32. Nxc5 Rxc5 33. Bxc5 Rg3 34. Qa8+ Rg8 35. Qe4 Rg3 36. Bf2 Rxh3+ 37. Kg2 Rh2+ 38. Kg1 Rxf2 39. Kxf2 Bh6 40. Qa8+ 1-0

[Event "SRB-chT 2nd League"]
[Site "Novi Sad"]
[Date "2023.11.08"]
[Round "9.5"]
[White "Levitan, Judah Nathan"]
[Black "Varga, Robert"]
[Result "1/2-1/2"]
[WhiteElo "1939"]
[BlackElo "2043"]
[PlyCount "37"]
[EventDate "2023.11.02"]
[EventType "team-tourn"]
[EventRounds "11"]
[EventCountry "SRB"]
[SourceTitle "CB46_2023"]
[SourceDate "2023.11.15"]
[SourceVersion "1"]
[SourceVersionDate "2023.11.15"]
[SourceQuality "1"]
[WhiteTeam "Senta"]
[BlackTeam "Zlatica"]
[WhiteTeamCountry "SRB"]
[BlackTeamCountry "SRB"]

1. e4 c6 2. d4 d5 3. exd5 cxd5 4. Bd3 Nc6 5. c3 Nf6 6. Bf4 g6 7. Nf3 Bg7 8. h3 0-0 9. 0-0 a6 10. Nbd2 e6 11. Ne5 Nxe5 12. Bxe5 Bd7 13. Qb3 Bc6 14. Nf3 Bh6 15. Bh2 Ne4 16. Rfe1 Nd2 17. Nxd2 Bxd2 18. Re2 Bh6 19. a4 1/2-1/2

[Event "SRB-chT 2nd League"]
[Site "Novi Sad"]
[Date "2023.11.07"]
[Round "8.5"]
[White "Juhasz, Bencze"]
[Black "Levitan, Judah Nathan"]
[Result "0-1"]
[WhiteElo "2210"]
[BlackElo "1939"]
[PlyCount "62"]
[EventDate "2023.11.02"]
[EventType "team-tourn"]
[EventRounds "11"]
[EventCountry "SRB"]
[SourceTitle "CB46_2023"]
[SourceDate "2023.11.15"]
[SourceVersion "1"]
[SourceVersionDate "2023.11.15"]
[SourceQuality "1"]
[WhiteTeam "Lajos Segi Bajsa"]
[BlackTeam "Senta"]
[WhiteTeamCountry "SRB"]
[BlackTeamCountry "SRB"]

1. d4 Nf6 2. c4 e6 3. Nc3 Bb4 4. e3 d5 5. Bd3 dxc4 6. Bxc4 c5 7. a3 Ba5 8. Nf3 Nc6 9. 0-0 cxd4 10. exd4 h6 11. Qd3 0-0 12. Be3 Ne7 13. Rad1 Ned5 14. Ne2 a6 15. Ba2 b5 16. Bb1 Bb7 17. Ng3 Ne7 18. Ne5 Bc7 19. Bf4 Rc8 20. Rfe1 Bxe5 21. Bxe5 Ng6 22. h4 Ng4 23. h5 Qh4 24. f3 Qh2+ 25. Kf1 Bd5 26. b3 f5 27. hxg6 f4 28. Re4 fxg3 29. Rxg4 Qh1+ 30. Ke2 Qxg2+ 31. Ke1 Qf2# 0-1

[Event "Senta Fantastico IM 10"]
[Site "Senta"]
[Date "2023.10.28"]
[Round "9.1"]
[White "Al Saleh, Mohammad"]
[Black "Levitan, Judah Nathan"]
[Result "1-0"]
[WhiteElo "1925"]
[BlackElo "1937"]
[PlyCount "79"]
[EventDate "2023.10.23"]
[EventType "tourn"]
[EventRounds "9"]
[EventCountry "SRB"]
[SourceTitle "Mega2024 Update 01"]
[Source "Chessbase"]
[SourceDate "2023.11.12"]
[SourceVersion "1"]
[SourceVersionDate "2023.11.12"]
[SourceQuality "1"]
[WhiteTeam "Team C"]
[BlackTeam "Team B"]
[WhiteTeamCountry "SRB"]
[BlackTeamCountry "SRB"]

1. e4 c5 2. Nf3 d6 3. d4 cxd4 4. Nxd4 Nf6 5. Nc3 Nc6 6. Bc4 Qb6 7. Nb3 e6 8. 0-0 a6 9. Qe2 Be7 10. a4 0-0 11. Kh1 Rd8 12. a5 Qc7 13. Be3 Qb8 14. Bb6 Re8 15. f4 Nb4 16. f5 d5 17. fxe6 Bxe6 18. exd5 Nbxd5 19. Nxd5 Bxd5 20. Bxd5 Nxd5 21. Qf3 Nf6 22. Nd4 Bd8 23. Nf5 Re6 24. Bd4 Qc7 25. c3 Ne8 26. Bb6 Qc4 27. Qxb7 Rc8 28. b3 Rc7 29. bxc4 Rxb7 30. Bxd8 Rd7 31. Rad1 Rxd1 32. Rxd1 g6 33. Nd4 Re3 34. Rc1 Re5 35. Bb6 f5 36. c5 Kf7 37. Kg1 Nf6 38. c6 Ke7 39. c7 Kd7 40. Nc6 1-0

[Event "Senta Fantastico IM 10"]
[Site "Senta"]
[Date "2023.10.27"]
[Round "7.1"]
[White "Bryakin, Mikhail"]
[Black "Levitan, Judah Nathan"]
[Result "1-0"]
[WhiteElo "2483"]
[BlackElo "1937"]
[PlyCount "48"]
[EventDate "2023.10.23"]
[EventType "tourn"]
[EventRounds "9"]
[EventCountry "SRB"]
[SourceTitle "Mega2024 Update 01"]
[Source "Chessbase"]
[SourceDate "2023.11.12"]
[SourceVersion "1"]
[SourceVersionDate "2023.11.12"]
[SourceQuality "1"]
[WhiteTeam "Team A"]
[BlackTeam "Team B"]
[WhiteTeamCountry "SRB"]
[BlackTeamCountry "SRB"]

1. c4 e6 2. d4 d5 3. Nf3 Nf6 4. Nc3 a6 5. cxd5 exd5 6. Bg5 Be6 7. e3 Bd6 8. Bd3 Nbd7 9. 0-0 c6 10. Bf4 Qc7 11. Bxd6 Qxd6 12. h3 0-0 13. Qc2 Rfe8 14. Rac1 Nf8 15. Na4 N6d7 16. Nc5 Nxc5 17. Qxc5 Qxc5 18. Rxc5 Ng6 19. b4 Ne7 20. a4 Bf5 21. Be2 Ng6 22. Rfc1 Nf4 23. Bf1 Ne6 24. R5c3 Rec8 1-0

[Event "Senta Fantastico IM 10"]
[Site "Senta"]
[Date "2023.10.25"]
[Round "5.1"]
[White "Ribeiro, Gustavo"]
[Black "Levitan, Judah Nathan"]
[Result "1-0"]
[WhiteElo "2187"]
[BlackElo "1937"]
[PlyCount "75"]
[EventDate "2023.10.23"]
[EventType "tourn"]
[EventRounds "9"]
[EventCountry "SRB"]
[SourceTitle "Mega2024 Update 01"]
[Source "Chessbase"]
[SourceDate "2023.11.12"]
[SourceVersion "1"]
[SourceVersionDate "2023.11.12"]
[SourceQuality "1"]
[WhiteTeam "Team D"]
[BlackTeam "Team B"]
[WhiteTeamCountry "SRB"]
[BlackTeamCountry "SRB"]

1. e4 c5 2. Nf3 d6 3. d4 cxd4 4. Nxd4 Nf6 5. Nc3 Nc6 6. Bg5 e6 7. Qd2 a6 8. 0-0-0 Bd7 9. Kb1 Be7 10. f3 Nxd4 11. Qxd4 b5 12. h4 Rc8 13. g4 h5 14. Be2 Rb8 15. e5 b4 16. exf6 bxc3 17. fxe7 Rxb2+ 18. Ka1 Qa5 19. Bc4 f6 20. Qxd6 Qa4 21. Bb3 Qb5 22. Bc1 a5 23. Qxd7+ Qxd7 24. Rxd7 Kxd7 25. Bxb2 cxb2+ 26. Kxb2 Kxe7 27. Re1 e5 28. g5 Rb8 29. a4 Rb4 30. c4 Ke6 31. f4 Kf5 32. gxf6 gxf6 33. fxe5 fxe5 34. Kc3 Kf4 35. Bc2 Rb8 36. c5 Kg4 37. Rxe5 Kxh4 38. Bd1 1-0

[Event "Senta Fantastico IM 10"]
[Site "Senta"]
[Date "2023.10.24"]
[Round "3.1"]
[White "Kolagatla, Alana Meenakshi"]
[Black "Levitan, Judah Nathan"]
[Result "1-0"]
[WhiteElo "2131"]
[BlackElo "1937"]
[PlyCount "20"]
[EventDate "2023.10.23"]
[EventType "tourn"]
[EventRounds "9"]
[EventCountry "SRB"]
[SourceTitle "Mega2024 Update 01"]
[Source "Chessbase"]
[SourceDate "2023.11.12"]
[SourceVersion "1"]
[SourceVersionDate "2023.11.12"]
[SourceQuality "1"]
[WhiteTeam "Team C"]
[BlackTeam "Team B"]
[WhiteTeamCountry "SRB"]
[BlackTeamCountry "SRB"]

1. e4 c5 2. Nf3 d6 3. d4 cxd4 4. Nxd4 Nf6 5. Nc3 Nc6 6. f3 e5 7. Nb3 Be6 8. Be3 d5 9. exd5 Nxd5 10. Qxd5 Qxd5 1-0

[Event "Senta Fantastico IM 10"]
[Site "Senta"]
[Date "2023.10.24"]
[Round "2.1"]
[White "Levitan, Judah Nathan"]
[Black "Ribeiro, Rodrigo"]
[Result "0-1"]
[WhiteElo "1937"]
[BlackElo "2154"]
[PlyCount "24"]
[EventDate "2023.10.23"]
[EventType "tourn"]
[EventRounds "9"]
[EventCountry "SRB"]
[SourceTitle "Mega2024 Update 01"]
[Source "Chessbase"]
[SourceDate "2023.11.12"]
[SourceVersion "1"]
[SourceVersionDate "2023.11.12"]
[SourceQuality "1"]
[WhiteTeam "Team B"]
[BlackTeam "Team D"]
[WhiteTeamCountry "SRB"]
[BlackTeamCountry "SRB"]

1. e4 c5 2. Nf3 e6 3. d4 cxd4 4. Nxd4 a6 5. c4 Nf6 6. Nc3 Qc7 7. a3 Nc6 8. Be2 Be7 9. 0-0 0-0 10. Be3 Bd8 11. Rc1 d6 12. f3 b6 0-1

[Event "Budapest Vezerkepzo Summer IM"]
[Site "Budapest"]
[Date "2023.07.18"]
[Round "8"]
[White "Alok, Sinha"]
[Black "Levitan, Judah Nathan"]
[Result "1-0"]
[WhiteElo "2256"]
[BlackElo "1844"]
[PlyCount "87"]
[EventDate "2023.07.11"]
[EventType "tourn"]
[EventRounds "9"]
[EventCountry "HUN"]
[SourceTitle "CBM 215 Extra"]
[Source "ChessBase"]
[SourceDate "2023.09.30"]
[SourceVersion "1"]
[SourceVersionDate "2023.09.30"]
[SourceQuality "1"]

1. e4 c5 2. Nf3 d6 3. d4 cxd4 4. Nxd4 Nf6 5. Nc3 Nc6 6. Bc4 Qb6 7. Nb3 e6 8. 0-0 a6 9. a4 Qc7 10. f4 Be7 11. Be3 Nb4 12. Bd3 e5 13. a5 Bd7 14. Nd2 d5 15. fxe5 Ng4 16. Bb6 Bc5+ 17. Kh1 Bxb6 18. axb6 Qxb6 19. Qf3 0-0 20. Nxd5 Nxd5 21. exd5 Nxe5 22. Qe4 Nxd3 23. Qxd3 Rac8 24. b3 Bg4 25. Rae1 Bh5 26. c4 Bg6 27. Qe3 Qb4 28. Qd4 h6 29. Re3 Rfe8 30. Rfe1 Rxe3 31. Rxe3 Qd6 32. h3 Kh7 33. Nf3 b5 34. Ne5 Bh5 35. Qd3+ Bg6 36. Nxg6 Qxg6 37. d6 Qxd3 38. Rxd3 bxc4 39. d7 Rd8 40. bxc4 Kg6 41. c5 Kf6 42. c6 Ke7 43. c7 Rxd7 44. Re3+ 1-0

[Event "Budapest Vezerkepzo Summer IM"]
[Site "Budapest"]
[Date "2023.07.16"]
[Round "6"]
[White "Matyassy, Lazar"]
[Black "Levitan, Judah Nathan"]
[Result "1/2-1/2"]
[WhiteElo "2267"]
[BlackElo "1844"]
[PlyCount "83"]
[EventDate "2023.07.11"]
[EventType "tourn"]
[EventRounds "9"]
[EventCountry "HUN"]
[SourceTitle "CBM 215 Extra"]
[Source "ChessBase"]
[SourceDate "2023.09.30"]
[SourceVersion "1"]
[SourceVersionDate "2023.09.30"]
[SourceQuality "1"]

1. e4 c5 2. Nf3 d6 3. d4 cxd4 4. Nxd4 Nf6 5. Nc3 Nc6 6. Bg5 e6 7. Qd2 a6 8. 0-0-0 Bd7 9. f4 Be7 10. Nf3 b5 11. e5 b4 12. exf6 bxc3 13. Qxc3 gxf6 14. Bh4 Rg8 15. g3 a5 16. Qd3 Rg7 17. a3 Rc8 18. Bg2 Qb6 19. Rhe1 Na7 20. Nd4 d5 21. Qe3 Rb8 22. b3 Qc5 23. Kb1 Kf8 24. Bxf6 Qxa3 25. Bxg7+ Kxg7 26. f5 e5 27. Bxd5 Bf6 28. Nf3 Nb5 29. Bc4 Bxf5 30. Nxe5 Rc8 31. Rd3 Rxc4 32. bxc4 Bxd3 33. cxb5 Qb3+ 34. Ka1 Qc3+ 35. Ka2 Qxc2+ 36. Ka1 Qa4+ 37. Kb2 Qb4+ 38. Ka2 Qa4+ 39. Kb2 Qc2+ 40. Ka1 Qc3+ 41. Ka2 Qc2+ 42. Ka1 1/2-1/2

[Event "Budapest Vezerkepzo Summer IM"]
[Site "Budapest"]
[Date "2023.07.13"]
[Round "3"]
[White "Levitan, Judah Nathan"]
[Black "To, Nhat Minh"]
[Result "1/2-1/2"]
[WhiteElo "1844"]
[BlackElo "2348"]
[PlyCount "30"]
[EventDate "2023.07.11"]
[EventType "tourn"]
[EventRounds "9"]
[EventCountry "HUN"]
[SourceTitle "CBM 215 Extra"]
[Source "ChessBase"]
[SourceDate "2023.09.30"]
[SourceVersion "1"]
[SourceVersionDate "2023.09.30"]
[SourceQuality "1"]

1. e4 c5 2. Nf3 d6 3. d4 cxd4 4. Nxd4 Nf6 5. Nc3 a6 6. Bc4 e6 7. Bb3 Nbd7 8. Be3 Nc5 9. f3 b5 10. a3 Nxb3 11. cxb3 Bb7 12. Qe2 Be7 13. 0-0-0 0-0 14. Kb1 Rc8 15. g4 Nd7 1/2-1/2